[Event "Match"]
[Site "www.echecsemail.com"]
[Date "2020.01.13"]
[Round "1"]
[White "Fantomas"]
[Black "Koudelka"]
[WhiteElo "2210"]
[BlackElo "2279"]
[Result "0-1"]
[Round "1"]
1.e4 Ng8f6
2.Nb1c3 d5
3.exd5 Nf6xd5
4.Nc3e4 Nb8c6
5.c3 e5
6.d3 f5
7.Ne4g3 Bf8c5
8.Ng1f3 Qd8d6
9.Bc1d2 Bc8e6
10.Qd1c2 O-O
11.Ng3e2 Nd5f6
12.Ne2c1 Nf6g4
13.d4 exd4
14.Nc1d3 Be6c4
15.Bd2f4 Rf8e8
16.Kd1 Bc4xd3
17.Bf1xd3 Qd6xf4
18.h3 dxc3
19.hxg4 Nc6b4
{ resign }
0-1

[Event "Tourn. n10264"]
[Site "www.echecsemail.com"]
[Date "2020.01.13"]
[Round "1"]
[White "Aiko1603"]
[Black "Amaya"]
[WhiteElo "2090"]
[BlackElo "2030"]
[Result "1-0"]
[Round "1"]
1.c4 g6
2.Nb1c3 Bf8g7
3.g3 Ng8f6
4.Bf1g2 O-O
5.Ng1f3 Nb8c6
6.O-O d6
7.d3 e5
8.Bc1g5 Bc8e6
9.Bg5xf6 Bg7xf6
10.Nc3e4 Bf6g7
11.Qd1b3 b6
12.Qb3a4 Be6d7
13.b4 a6
14.Qa4c2 Nc6xb4
15.Qc2b3 Nb4c6
16.Ne4c3 e4
17.Nf3d2 Nc6d4
18.Qb3d1 Nd4c6
19.Ra1c1 exd3
20.exd3 Ra8b8
21.Nc3d5 a5
22.Nd2e4 Nc6d4
23.Rc1b1 Bd7a4
24.Qd1xa4 f5
25.Ne4d2 Nd4e2
26.Kh1 Ne2c3
27.Nd5xc3 Bg7xc3
28.Bg2d5 Kh8
29.Qa4c2 Bc3xd2
30.Qc2xd2 Qd8d7
31.Rf1e1 Kg7
32.Qd2c3 Rf8f6
33.Re1e6 Rb8f8
34.Rb1e1 Qd7a4
35.Re6xf6 Rf8xf6
36.Re1e7 { resign }
1-0

[Event "1/128 Finale"]
[Site "www.chess-mail.com"]
[Date "2020.01.13"]
[Round "1"]
[White "Osopanda"]
[Black "Esperanza"]
[WhiteElo "1610"]
[BlackElo "2070"]
[Result "1/2-1/2"]
[Round "1"]
1.d4 Ng8f6
2.c4 c5
3.d5 b5
4.Nb1c3 bxc4
5.e4 d6
6.Bf1xc4 g6
7.Ng1f3 Bf8g7
8.O-O O-O
9.Rf1e1 Nf6d7
10.Bc1f4 Bc8a6
11.Bc4xa6 Nb8xa6
12.Qd1a4 Na6b4
13.Ra1d1 Nd7b6
14.Qa4b3 a5
15.a3 c4
16.axb4 cxb3
17.bxa5 Ra8xa5
18.h3 Nb6c4
19.Re1e2 Qd8b6
20.Rd1d3 Rf8c8
21.h4 Nc4xb2
22.Bf4e3 Qb6b7
23.Re2xb2 Bg7xc3
{ draw }
1/2-1/2

[Event "Match"]
[Site "www.echecsemail.com"]
[Date "2020.01.14"]
[Round "1"]
[White "Ericleo1980"]
[Black "Said13"]
[WhiteElo "1970"]
[BlackElo "1809"]
[Result "0-1"]
[Round "1"]
1.e4 c5
2.Ng1f3 d6
3.d4 cxd4
4.Nf3xd4 Ng8f6
5.Nb1c3 a6
6.Bc1e3 Nf6g4
7.Be3g5 h6
8.Bg5h4 g5
9.Bh4g3 Bf8g7
10.Bf1e2 h5
11.h3 Ng4f6
12.f3 h4
13.Bg3f2 Nf6h5
14.Qd1d2 Nh5f4
15.Be2f1 Qd8a5
16.Nc3e2 Qa5xd2
17.Kxd2 Bg7e5
18.Bf2e3 Nb8c6
19.Nd4xc6 bxc6
20.Be3d4 Be5xd4
21.Ne2xd4 Bc8d7
22.Ke3 e5
23.Nd4e2 Ke7
24.Ne2xf4 gxf4
25.Kf2 f5
26.Bf1d3 fxe4
27.Bd3xe4 d5
28.Be4d3 a5
29.Rh1e1 Kf6
30.b3 Rh8g8
31.c4 d4
32.Bd3e4 Ra8b8
33.Ra1b1 c5
34.Re1e2 Bd7f5
 { time }
0-1

[Event "Tourn. n10248"]
[Site "www.echecsemail.com"]
[Date "2020.01.14"]
[Round "1"]
[White "Ff333"]
[Black "Fantomas"]
[WhiteElo "2030"]
[BlackElo "2200"]
[Result "1/2-1/2"]
[Round "1"]
1.e4 e5
2.Bf1c4 Bf8c5
3.Qd1f3 Ng8f6
4.h3 O-O
5.d3 c6
6.Qf3g3 d6
7.Ng1e2 Nf6h5
8.Qg3g5 Qd8xg5
9.Bc1xg5 h6
10.Bg5h4 g5
11.Bh4g3 Nh5f4
12.Ne2xf4 exf4
13.Bg3h2 Bc8e6
14.Bc4b3 a5
15.c4 f5
16.f3 Nb8d7
17.Nb1d2 a4
18.Bb3c2 Bc5d4
19.O-O-O b5
20.Bh2g1 Bd4g7
21.a3 Rf8b8
22.Bc2b1 Nd7e5
23.Bb1a2 Ne5xd3
24.Kc2 Nd3xb2
25.Rd1b1 Nb2xc4
26.Nd2xc4 bxc4
27.Bg1f2 d5
28.exd5 cxd5
29.Bf2c5 Kf7
30.Bc5b4 d4
31.Rh1e1 d3
32.Kc1 Rb8d8
33.Bb4d2 Ra8a7
34.Rb1b4 Bg7f8
35.Rb4b6 Bf8xa3
36.Kd1 Rd8d6
37.Rb6xd6 Ba3xd6
38.Bd2c3 Ra7b7
39.Kd2 Be6d5
40.Re1b1 Rb7xb1
41.Ba2xb1 g4
42.hxg4 fxg4
43.fxg4 Bd5xg2
{ draw }
1/2-1/2

[Event "Tourn. n10249"]
[Site "www.echecsemail.com"]
[Date "2020.01.15"]
[Round "1"]
[White "Dussek"]
[Black "Cal"]
[WhiteElo "1870"]
[BlackElo "1750"]
[Result "1-0"]
[Round "1"]
1.e4 e5
2.Ng1f3 d6
3.d4 exd4
4.Nf3xd4 c5
5.Nd4f3 h6
6.Bf1c4 Ng8f6
7.Nb1c3 Bc8g4
8.O-O Bf8e7
9.Bc1f4 a6
10.Rf1e1 Nb8c6
11.Nc3d5 Nc6d4
12.Bc4e2 O-O
13.c3 Nd4xf3
14.Be2xf3 Bg4xf3
15.Nd5xe7 Qd8xe7
16.Qd1xf3 b5
17.Ra1d1 Nf6h7
18.Bf4xd6 Qe7f6
19.Qf3xf6 Nh7xf6
20.Bd6xf8 Ra8xf8
21.h3 Rf8e8
22.f3 Re8e5
23.Rd1d8 Kh7
24.Rd8d6 c4
25.Rd6xa6 Nf6h5
26.Ra6a7 f6
27.Kf2 Nh5f4
28.Re1b1 Nf4d3
29.Ke3 f5
30.a4 Nd3c5
31.Kd4 Nc5d3
32.a5 fxe4
33.fxe4 h5
34.Ra7f7 Re5g5
35.g4 hxg4
36.hxg4 Rg5xg4
37.a6 Rg4g6
38.a7 Rg6a6
39.e5 Kg6
40.Rf7b7 Kf5
41.Rb7xg7 Ke6
42.Rg7g6 Ke7
43.Rg6xa6 Nd3f4
44.a8Q { resign }
1-0

[Event "Match"]
[Site "www.echecsemail.com"]
[Date "2020.01.15"]
[Round "1"]
[White "Apdash"]
[Black "Estonia"]
[WhiteElo "2270"]
[BlackElo "1880"]
[Result "1-0"]
[Round "1"]
1.e4 c5
2.Ng1f3 Nb8c6
3.Bf1c4 e6
4.d4 cxd4
5.Nf3xd4 Bf8c5
6.Nd4b3 Bc5xf2
7.Kxf2 Qd8h4
8.Kf1 Qh4xe4
9.Qd1e2 Qe4xe2
10.Kxe2 d5
11.Bc4b5 Ng8e7
12.Bc1g5 a6
13.Bb5xc6 bxc6
14.Bg5xe7 Kxe7
15.Nb1d2 a5
16.a4 Bc8a6
17.Kf2 Kd6
18.Nb3xa5 h5
19.Rh1d1 Rh8h6
20.Kg1 Ba6e2
21.Rd1e1 Ra8xa5
22.Re1xe2 Rh6g6
23.b3 c5
24.Ra1f1 Ra5a8
25.Rf1xf7 e5
26.Rf7f5 e4
27.Rf5f7 Rg6f6
28.Rf7xg7 { resign }
1-0

[Event "Tourn. n10258"]
[Site "www.echecsemail.com"]
[Date "2020.01.15"]
[Round "1"]
[White "Galiany17"]
[Black "Marbachess"]
[WhiteElo "2590"]
[BlackElo "2560"]
[Result "1/2-1/2"]
[Round "1"]
1.e4 e6
2.d4 d5
3.Nb1c3 h6
4.Bf1d3 c5
5.exd5 exd5
6.dxc5 Nb8c6
7.Nc3a4 Qd8a5
8.c3 Bf8xc5
9.Na4xc5 Qa5xc5
10.Bc1e3 Qc5d6
11.Ng1e2 Ng8f6
12.O-O O-O
13.Rf1e1 Bc8d7
14.Qd1d2 Nc6e5
15.Be3f4 Rf8e8
16.Ne2d4 Nf6h5
17.Bf4xe5 Re8xe5
18.Re1xe5 Qd6xe5
19.Ra1e1 Qe5f4
20.Qd2xf4 Nh5xf4
21.Bd3c2 Nf4e6
22.Nd4f5 Kf8
23.g3 Ra8d8
24.Re1d1 Bd7c6
25.Bc2b3 Ne6c5
26.f4 h5
27.Bb3c2 g6
28.Nf5e3 Ke7
29.f5 g5
30.Kf2 Kf6
31.Rd1d4 Ke5
32.Ne3c4 Kf6
33.Nc4e3 { draw }
1/2-1/2

[Event "Match"]
[Site "www.echecsemail.com"]
[Date "2020.01.15"]
[Round "1"]
[White "Karanas"]
[Black "Chapi"]
[WhiteElo "1499"]
[BlackElo "2090"]
[Result "0-1"]
[Round "1"]
1.e4 c5
2.Ng1f3 Nb8c6
3.Bf1b5 Qd8b6
4.Nb1c3 g6
5.d4 cxd4
6.Nc3d5 Qb6d8
7.Bc1f4 d6
 { time }
0-1

[Event "Match"]
[Site "www.echecsemail.com"]
[Date "2020.01.15"]
[Round "1"]
[White "Krokolis"]
[Black "Gambitmiau"]
[WhiteElo "1599"]
[BlackElo "1810"]
[Result "1-0"]
[Round "1"]
1.Ng1f3 d5
2.c4 d4
3.b4 Nb8c6
4.b5 Nc6a5
5.d3 Qd8d6
6.g3 Bc8g4
7.Bf1g2 Bg4xf3
8.Bg2xf3 b6
9.Bf3xa8 e5
10.Nb1d2 c5
11.bxc6 Qd6b8
12.Ba8b7 Na5xb7
13.cxb7 Qb8xb7
14.O-O Bf8b4
15.Qd1a4 Qb7d7
16.Qa4xb4 Ng8e7
17.Bc1a3 Ne7c6
18.Qb4b5 Kd8
19.Nd2e4 Rh8e8
20.f4 h6
21.Qb5a6 Qd7g4
22.c5 Nc6b8
23.Qa6xa7 Nb8d7
24.cxb6 Qg4e6
25.Qa7c7 { resign }
1-0

[Event "Tourn. n10261"]
[Site "www.echecsemail.com"]
[Date "2020.01.15"]
[Round "1"]
[White "Chessutopia"]
[Black "Seger"]
[WhiteElo "2329"]
[BlackElo "2790"]
[Result "1-0"]
[Round "1"]
1.b3 e5
2.Bc1b2 Nb8c6
3.Ng1f3 e4
4.Nf3d4 g6
5.Nd4xc6 dxc6
6.Bb2xh8 f6
7.Nb1c3 Qd8e7
8.e3 Ng8h6
9.Nc3xe4 Qe7xe4
10.Bh8xf6 Nh6f5
11.Qd1c1 Bf8g7
12.Bf6xg7 Nf5xg7
13.Qc1b2 Qe4e7
14.Bf1e2 Bc8d7
15.O-O O-O-O
16.b4 h5
17.a4 Ng7f5
18.b5 Kb8
19.c4 c5
20.a5 Rd8e8
21.Rf1d1 Kc8
22.Be2f3 Nf5h4
23.Bf3d5 Bd7e6
24.d3 Be6xd5
25.cxd5 Qe7e5
26.Qb2xe5 Re8xe5
27.e4 Kd7
28.Ra1c1 Kd6
29.f4 Re5e8
30.Rd1f1 Re8f8
31.Rc1e1 b6
32.g3 bxa5
33.gxh4 Rf8b8
34.Re1b1 a4
35.Rb1b2 a3
36.Rb2g2 Rb8g8
37.Rf1a1 Rg8b8
38.Rg2xg6 { resign }
1-0

[Event "Match"]
[Site "www.echecsemail.com"]
[Date "2020.01.15"]
[Round "1"]
[White "Ditto"]
[Black "Ztornad"]
[WhiteElo "1980"]
[BlackElo "1950"]
[Result "1-0"]
[Round "1"]
1.e4 e5
2.Ng1f3 d6
3.Bf1c4 Bc8e6
4.Bc4xe6 fxe6
5.Nb1c3 Ng8f6
6.d4 exd4
7.Nf3xd4 Qd8e7
8.Bc1g5 Qe7f7
9.O-O Bf8e7
10.Nd4b5 Nb8a6
11.Rf1e1 e5
12.Bg5e3 b6
13.Qd1d3 Ra8c8
14.Nb5xa7 Na6c5
15.Qd3b5 Nf6d7
16.Na7xc8 Be7f8
17.Nc3d5 Nc5e6
18.Qb5a6 Nd7c5
19.Qa6b5 Qf7d7
20.Qb5xd7 Kxd7
21.Nc8a7 Nc5xe4
22.Na7b5 g5
23.b3 Kc6
24.c4 Kb7
25.a4 Bf8g7
26.a5 Ne4c5
27.axb6 cxb6
28.Ra1a7 Kc6
29.Nd5b4 
1-0

[Event "1/16 Finale"]
[Site "www.chess-mail.com"]
[Date "2020.01.15"]
[Round "1"]
[White "Jaroslavpech"]
[Black "Szustan"]
[WhiteElo "2790"]
[BlackElo "2590"]
[Result "1/2-1/2"]
[Round "1"]
1.d4 d5
2.c4 dxc4
3.Ng1f3 Ng8f6
4.Nb1c3 e6
5.e4 Bf8b4
6.Bc1g5 b5
7.a4 c6
8.e5 h6
9.exf6 hxg5
10.fxg7 Rh8g8
11.h4 g4
12.Nf3e5 Rg8xg7
13.h5 f5
14.Bf1e2 Qd8g5
15.Qd1d2 Qg5xd2
16.Kxd2 Bc8b7
17.h6 Rg7h7
18.f3 g3
19.Kc2 a6
20.f4 Nb8d7
21.Be2h5 Ke7
22.axb5 Nd7xe5
23.bxa6 Ra8xa6
24.fxe5 Ra6xa1
25.Rh1xa1 Rh7xh6
26.Bh5f3 Kd7
27.Ra1a4 Bb4xc3
28.bxc3 Rh6h1
29.Ra4xc4 Rh1f1
30.Rc4a4 Kc8
31.Ra4a5 Kb8
32.c4 f4
33.Ra5a3 c5
34.d5 Kc8
35.Kd2 Rf1f2
36.Ke1 Rf2c2
37.Bf3g4 Kb8
38.dxe6 Rc2xc4
39.Kf1 Bb7c6
{ draw }
1/2-1/2

[Event "Fast Game"]
[Site "www.echecsemail.com"]
[Date "2020.01.15"]
[Round "1"]
[White "Claudia"]
[Black "Apdash"]
[WhiteElo "1910"]
[BlackElo "1990"]
[Result "1-0"]
[Round "1"]
1.d4 Ng8f6
2.c4 g6
3.Nb1c3 Bf8g7
4.e4 d6
5.h3 O-O
6.Bc1g5 h6
7.Bg5e3 e5
8.d5 c6
9.Qd1d2 Kh7
10.Bf1d3 Nf6g8
11.g4 a6
12.Ng1e2 Nb8d7
13.O-O-O cxd5
14.cxd5 b5
15.Ne2g3 Nd7b6
16.Kb1 Bc8d7
17.f3 Nb6c4
18.Bd3xc4 bxc4
19.h4 a5
20.h5 g5
21.Ng3f5 Bd7xf5
22.exf5 f6
23.Nc3e4 Rf8f7
24.Rd1c1 Rf7c7
25.Be3b6 Qd8d7
26.Bb6xc7 Qd7xc7
27.Qd2c3 Ra8c8
28.Ne4d2 Qc7b7
29.Qc3xa5 Rc8c5
30.Qa5a4 Qb7xd5
31.Nd2xc4 Qd5xf3
32.Nc4b6 e4
33.Rc1xc5 dxc5
34.Qa4d1 Qf3xg4
35.Qd1xg4 Ng8e7
36.Qg4xe4 { resign }
1-0

[Event "Tourn. n10239"]
[Site "www.echecsemail.com"]
[Date "2020.01.16"]
[Round "1"]
[White "Cal"]
[Black "Iko"]
[WhiteElo "1760"]
[BlackElo "1800"]
[Result "1-0"]
[Round "1"]
1.b4 e5
2.c3 d5
3.h3 Bc8f5
4.d3 Nb8c6
5.Ng1f3 Qd8f6
6.e3 e4
7.dxe4 dxe4
8.Nf3d2 Nc6xb4
9.Bc1b2 Nb4d3
10.Bf1xd3 exd3
11.Nd2f3 O-O-O
12.Nf3d4 Qf6e5
13.Nb1d2 Bf8c5
14.Nd2c4 Qe5e4
15.O-O Bc5xd4
16.cxd4 b5
17.Nc4d2 Qe4e7
18.Nd2b3 Qe7b4
19.g4 a5
20.Nb3c5 Qb4xb2
21.gxf5 Rd8d5
22.Nc5xd3 Rd5xf5
23.Nd3xb2 a4
24.Nb2d3 Ng8f6
25.Kh2 Rh8e8
26.Nd3c5 Re8d8
27.f3 g5
28.Qd1d3 Rf5xc5
29.Ra1b1 Nf6d5
30.e4 Nd5f4
31.Qd3e3 Rc5c2
32.Rf1f2 Rc2xf2
33.Qe3xf2 Nf4d3
34.Qf2e3 Nd3f4
35.h4 Nf4e6
36.d5 Ne6g7
37.e5 Rd8xd5
38.Qe3xg5 Ng7e6
39.Qg5g8 Kb7
40.Qg8xf7 Rd5d2
41.Kg3 Ne6d4
42.Qf7d5 c6
43.Qd5d7 Kb6
44.Qd7xh7 Rd2xa2
45.Rb1f1 Ra2e2
46.Qh7d3 Re2xe5
47.Qd3xd4 c5
48.Qd4xe5 c4
49.Rf1b1 a3
50.Rb1xb5 Ka6
51.Qe5b8 a2
52.Qb8b7 
1-0

[Event "Match"]
[Site "www.echecsemail.com"]
[Date "2020.01.16"]
[Round "1"]
[White "Apdash"]
[Black "Storzman"]
[WhiteElo "2190"]
[BlackElo "2190"]
[Result "0-1"]
[Round "1"]
1.e4 e6
2.d4 d5
3.e5 c5
4.c3 Nb8c6
5.Bf1b5 Bc8d7
6.Ng1f3 a6
7.Bb5a4 Ng8e7
8.dxc5 Ne7g6
9.Ba4xc6 Bd7xc6
10.Bc1e3 Qd8c7
11.Be3d4 Bf8e7
12.O-O Bc6b5
13.Rf1e1 Be7xc5
14.a4 Bb5d7
15.Bd4xc5 Qc7xc5
16.Nb1d2 O-O
17.Ra1c1 Bd7c6
18.b4 Qc5a7
19.Nf3d4 Ra8c8
20.b5 Bc6d7
21.Qd1h5 axb5
22.axb5 Rc8xc3
23.Rc1xc3 Qa7xd4
24.Rc3h3 h6
25.Nd2f3 Qd4b4
26.Re1d1 Bd7xb5
27.Nf3g5 Qb4f4
28.Ng5f3 Qf4f5
29.Qh5xf5 exf5
30.Rd1xd5 Bb5c6
31.Rd5c5 Rf8a8
32.Rc5c1 Ng6f4
33.Rh3g3 Nf4e2
34.Kf1 Ne2xc1
35.Nf3d4 Bc6d5
36.Nd4xf5 Bd5c4
37.Ke1 Nc1d3
38.Kd2 Nd3xe5
39.Rg3xg7 Kh8
40.Rg7g3 Bc4e6
41.f4 Ne5g6
42.Nf5xh6 Ng6xf4
43.Rg3f3 Ra8a4
44.g3 Kg7
45.gxf4 Kxh6
46.f5 Be6d5
47.Rf3f1 Ra4a2
48.Ke3 Ra2xh2
49.Kd4 Bd5c6
50.Ke5 Kg7
51.Rf1g1 Rh2g2
52.f6 Kg6
53.Rg1f1 Rg2e2
54.Kd6 Re2e6
55.Kc5 Re6xf6
56.Rf1g1 Kf5
57.Rg1f1 Ke5
58.Rf1xf6 Kxf6
{ resign }
0-1

[Event "Match"]
[Site "www.echecsemail.com"]
[Date "2020.01.16"]
[Round "1"]
[White "Apdash"]
[Black "Foxy100"]
[WhiteElo "2260"]
[BlackElo "2480"]
[Result "0-1"]
[Round "1"]
1.d4 d5
2.Ng1f3 e6
3.c4 Ng8f6
4.Nb1c3 Bf8e7
5.e3 O-O
6.cxd5 exd5
7.Bf1e2 b6
8.O-O Bc8a6
9.Be2xa6 Nb8xa6
10.Bc1d2 c5
11.Qd1a4 Na6c7
12.Nf3e5 Be7d6
13.f4 a6
14.Qa4c6 Nc7e6
15.Nc3xd5 Bd6xe5
16.Nd5xf6 Be5xf6
17.d5 Ra8c8
18.Qc6b7 Ne6c7
19.Qb7xb6 Qd8xd5
20.Rf1d1 Rc8b8
21.Qb6xc7 Rb8xb2
22.Qc7a5 Rf8e8
23.Ra1c1 Bf6d4
24.Qa5xa6 Bd4xe3
25.Kf1 Rb2xd2
26.Qa6a4 Qd5xg2
{ resign }
0-1

[Event "Tourn. n10246"]
[Site "www.echecsemail.com"]
[Date "2020.01.16"]
[Round "1"]
[White "Libiesse"]
[Black "Apdash"]
[WhiteElo "2010"]
[BlackElo "2230"]
[Result "1/2-1/2"]
[Round "1"]
1.Ng1f3 Ng8f6
2.d4 d5
3.g3 Bc8f5
4.Bf1g2 h6
5.O-O e6
6.Nb1d2 c5
7.c4 Nb8c6
8.cxd5 Nf6xd5
9.Nd2b3 cxd4
10.Nb3xd4 Bf5e4
11.Nd4xc6 bxc6
12.Qd1a4 Nd5f6
13.Bc1e3 Bf8e7
14.Rf1d1 Qd8c7
15.Be3f4 Qc7b7
16.Rd1d4 Be4d5
17.b3 O-O
18.e4 Bd5xe4
19.Rd4xe4 Nf6xe4
20.Qa4xe4 Be7c5
21.Ra1c1 Qb7b6
22.Bf4e3 Bc5xe3
23.Qe4xe3 Ra8c8
24.Qe3xb6 axb6
25.Nf3e5 c5
26.Ne5d7 Rf8d8
27.Nd7xb6 Rc8c7
28.Nb6c4 Rc7a7
29.a3 Rd8b8
30.Rc1c3 g6
31.Bg2e4 Kg7
32.f4 f6
33.Be4c2 g5
34.a4 f5
35.Nc4e5 Ra7c7
36.Rc3d3 gxf4
37.gxf4 Rb8b4
38.Rd3g3 Kh7
39.Ne5d3 Rb4d4
40.Kf1 c4
41.bxc4 Rc7xc4
42.Bc2d1 Rc4c3
43.Bd1e2 Rd4xa4
44.Kf2 Ra4a2
45.Rg3e3 Rc3c6
46.Nd3b4 Ra2xe2
47.Re3xe2 Rc6b6
48.Nb4d3 Kg7
49.Nd3e5 Rb6b4
50.Kf3 Rb4b3
51.Kf2 Rb3b4
52.Kg3 Rb4b3
53.Kf2 Rb3h3
54.Ne5f3 Kf6
55.Kg2 Rh3h5
56.Nf3d4 Rh5h4
57.Nd4xe6 { draw }
1/2-1/2

[Event "Match"]
[Site "www.echecsemail.com"]
[Date "2020.01.16"]
[Round "1"]
[White "Joseph1983"]
[Black "Apdash"]
[WhiteElo "2210"]
[BlackElo "2280"]
[Result "1-0"]
[Round "1"]
1.d4 Ng8f6
2.c4 g6
3.g3 Bf8g7
4.Bf1g2 O-O
5.Ng1f3 c6
6.O-O d5
7.b3 Nb8d7
8.Bc1b2 Nf6e4
9.Nb1d2 f5
10.e3 Nd7f6
11.Nf3e5 Ne4xd2
12.Qd1xd2 Nf6e4
13.Qd2e2 e6
14.Ne5d3 b6
15.f3 Ne4g5
16.Ra1d1 Qd8c7
17.Nd3f2 dxc4
18.Qe2xc4 a5
19.Rf1e1 Bc8a6
20.Qc4c2 Ra8c8
21.Rd1c1 Ng5f7
22.Nf2d3 Ba6xd3
23.Qc2xd3 Rf8d8
24.Qd3e2 e5
25.dxe5 Bg7xe5
26.Bb2xe5 Qc7xe5
27.f4 Qe5f6
28.Re1d1 Rd8e8
29.Qe2a6 c5
30.Rd1d7 Qf6e6
31.Rc1d1 Qe6xe3
32.Kh1 Rc8d8
33.Rd7xd8 Re8xd8
34.Rd1xd8 Nf7xd8
35.Bg2d5 Kg7
36.Qa6a7 Kh6
37.Bd5g8 Qe3f3
38.Kg1 Qf3b7
39.Qa7xb7 Nd8xb7
40.Kf2 Nb7d6
41.Bg8d5 g5
42.Kf3 Kg6
43.Bd5c6 h6
44.h3 h5
45.fxg5 Kxg5
46.h4 Kf6
47.Kf4 b5
48.Bc6f3 c4
49.bxc4 Nd6xc4
50.Bf3xh5 b4
51.Bh5d1 Nc4b2
52.Bd1c2 Nb2c4
53.Bc2xf5 a4
54.Bf5c2 a3
55.Ke4 Nc4d2
56.Kd3 Nd2f1
57.g4 Nf1h2
58.g5 Kf5
59.Kc4 Ke6
60.Bc2d1 Nh2f1
61.Kxb4 Nf1e3
62.Bd1e2 Kf5
63.Kxa3 Ne3g2
64.Be2d3 Ke6
65.h5 Ng2f4
66.Bd3g6 Ke7
67.Kb4 Nf4e6
68.h6 Ne6f8
69.Bg6f5 Kf7
70.a4 { resign }
1-0

[Event "Match"]
[Site "www.echecsemail.com"]
[Date "2020.01.16"]
[Round "1"]
[White "Fegatux"]
[Black "Szustan"]
[WhiteElo "2280"]
[BlackElo "2620"]
[Result "0-1"]
[Round "1"]
1.d4 d5
2.c4 dxc4
3.e4 e5
4.Ng1f3 exd4
5.Bf1xc4 Nb8c6
6.O-O h6
7.Nb1d2 Bf8c5
8.Nd2b3 Bc5b6
9.Bc1f4 Ng8f6
10.Rf1e1 O-O
11.Ra1c1 Rf8e8
12.e5 Nf6d5
13.Bf4g3 Nd5e7
14.Qd1e2 Ne7f5
15.Bg3f4 Bc8e6
16.Bc4xe6 Re8xe6
17.Qe2d3 Nf5h4
18.Bf4g3 Nh4xf3
19.gxf3 Qd8d5
20.f4 Ra8d8
21.a3 g5
22.f5 Nc6xe5
23.Bg3xe5 Re6xe5
24.Re1xe5 Qd5xe5
25.Nb3d2 Rd8d5
26.Nd2c4 Qe5f4
27.Rc1e1 Kg7
28.Nc4xb6 axb6
29.f3 c5
30.f6 Qf4xf6
31.Qd3e4 Rd5f5
{ resign }
0-1

[Event "Match"]
[Site "www.echecsemail.com"]
[Date "2020.01.16"]
[Round "1"]
[White "Apdash"]
[Black "Krystek23"]
[WhiteElo "2270"]
[BlackElo "2440"]
[Result "0-1"]
[Round "1"]
1.d4 Ng8f6
2.c4 g6
3.Nb1c3 Bf8g7
4.e4 d6
5.Bc1g5 Nb8d7
6.Ng1f3 O-O
7.Bf1d3 e5
8.dxe5 Nd7xe5
9.Nf3xe5 dxe5
10.O-O Bc8e6
11.Nc3d5 c6
12.Nd5xf6 Bg7xf6
13.Bg5h6 Bf6g7
14.Bh6xg7 Kxg7
15.Qd1c2 Qd8b6
16.c5 Qb6c7
17.Ra1d1 Qc7a5
18.b3 Qa5b4
19.f4 exf4
20.Rf1xf4 Rf8d8
21.h4 Rd8d7
22.h5 Ra8d8
23.hxg6 hxg6
24.Rf4h4 Qb4d4
25.Kf1 Qd4f6
26.Qc2f2 Qf6xf2
27.Kxf2 Rd7xd3
28.Rd1h1 Rd3d2
29.Ke3 Rd8d3
30.Kf4 g5
31.Kxg5 f6
32.Kh5 Rd3d5
{ resign }
0-1

[Event "Fast Game"]
[Site "www.echecsemail.com"]
[Date "2020.01.16"]
[Round "1"]
[White "Agmdiazj"]
[Black "Hennie4820"]
[WhiteElo "1599"]
[BlackElo "1540"]
[Result "1-0"]
[Round "1"]
1.d4 Ng8f6
2.c4 g6
3.Nb1c3 Bf8g7
4.e4 d6
5.h3 O-O
6.Bc1g5 Nb8d7
7.Bf1d3 e5
8.d5 h6
9.Bg5e3 b6
10.Ng1f3 Nd7c5
11.Bd3c2 a5
12.Qd1d2 Bc8a6
13.b3 Nf6d7
14.Be3xh6 { resign }
1-0

[Event "Fast Game"]
[Site "www.echecsemail.com"]
[Date "2020.01.16"]
[Round "1"]
[White "Koudelka"]
[Black "Stevep84"]
[WhiteElo "1759"]
[BlackElo "1910"]
[Result "1-0"]
[Round "1"]
1.e4 c6
2.d4 d5
3.exd5 cxd5
4.Ng1f3 Ng8f6
5.Bf1b5 Nb8c6
6.Nf3e5 Bc8d7
7.Nb1c3 a6
8.Bb5a4 b5
9.Ba4b3 e6
10.O-O Bf8d6
11.Rf1e1 Qd8c7
12.Nc3xd5 Nf6xd5
13.Bb3xd5 Bd6xe5
14.Re1xe5 Nc6xe5
15.Bd5xa8 Ne5c4
16.Qd1g4 g6
17.Qg4f3 Nc4d6
18.Qf3f6 O-O
19.Bc1h6 Nd6f5
20.Bh6xf8 Kxf8
21.Qf6h8 Ke7
22.Ba8f3 Qc7xc2
23.d5 Qc2d2
24.Ra1d1 Qd2a5
25.g4 Nf5d6
26.g5 Qa5a4
27.Qh8f6 Ke8
28.dxe6 Bd7xe6
29.Rd1xd6 Qa4a5
30.Rd6xe6 fxe6
31.Bf3c6 { resign }
1-0

[Event "Match"]
[Site "www.echecsemail.com"]
[Date "2020.01.17"]
[Round "1"]
[White "Karanas"]
[Black "Guidom"]
[WhiteElo "1499"]
[BlackElo "2070"]
[Result "0-1"]
[Round "1"]
1.e4 e5
2.Ng1f3 d6
3.d4 exd4
4.Nf3xd4 Nb8c6
5.Bf1b5 Bc8d7
6.Nb1c3 Ng8f6
7.Bb5xc6 bxc6
 { time }
0-1

[Event "Tourn. n10244"]
[Site "www.echecsemail.com"]
[Date "2020.01.17"]
[Round "1"]
[White "Pariolinius"]
[Black "Francesco"]
[WhiteElo "1940"]
[BlackElo "2000"]
[Result "0-1"]
[Round "1"]
1.e4 c6
2.d4 d5
3.Nb1c3 dxe4
4.Nc3xe4 Bc8f5
5.Ne4g3 Bf5g6
6.Ng1f3 e6
7.Bf1e2 Ng8f6
8.Bc1g5 Bf8e7
9.O-O O-O
10.Nf3e5 Nb8d7
11.Ne5xg6 hxg6
12.Be2d3 Nd7b6
13.c3 Qd8c7
14.Qd1d2 Ra8d8
15.Ng3e4 Nf6d5
16.Bg5xe7 Qc7xe7
17.Rf1e1 Nb6d7
18.c4 Nd5c7
19.a3 Nd7f6
20.Ne4xf6 Qe7xf6
21.Re1e4 Rd8xd4
22.Re4xd4 Qf6xd4
23.Qd2c3 Rf8d8
24.Ra1d1 Qd4xc3
25.bxc3 f5
26.f4 Kf7
27.Kf2 Kf6
28.Ke3 e5
29.fxe5 Kxe5
30.Rd1e1 Kf6
31.Kd2 Nc7e6
32.Kc2 Ne6f4
33.Bd3f1 Rd8d7
34.g3 Nf4e6
35.Re1d1 Rd7xd1
36.Kxd1 Ke5
37.Bf1d3 Ne6c5
38.Bd3c2 Nc5e4
39.Bc2xe4 Kxe4
40.Ke2 g5
41.a4 b6
42.h3 g6
43.c5 bxc5
44.a5 a6
{ resign }
0-1

[Event "Match"]
[Site "www.echecsemail.com"]
[Date "2020.01.17"]
[Round "1"]
[White "Virgil08bv"]
[Black "Apdash"]
[WhiteElo "2700"]
[BlackElo "2280"]
[Result "1-0"]
[Round "1"]
1.e4 c5
2.Ng1f3 d6
3.d4 cxd4
4.Qd1xd4 Nb8c6
5.Qd4e3 Ng8f6
6.Bf1e2 Nf6g4
7.Qe3d3 Qd8b6
8.O-O e6
9.Nb1c3 Bf8e7
10.Nf3d2 Nc6e5
11.Qd3g3 h5
12.h3 h4
13.Qg3f4 g5
14.Nd2c4 Ne5xc4
15.Qf4xg4 f5
16.exf5 Nc4e5
17.Qg4a4 Bc8d7
18.Be2b5 Bd7xb5
19.Nc3xb5 O-O
20.Bc1e3 Qb6c6
21.Qa4b3 d5
22.fxe6 a6
23.Nb5d4 Qc6c8
24.Qb3xd5 Qc8c7
25.Qd5e4 Ra8c8
26.Ra1e1 Ne5c4
27.Be3xg5 Be7xg5
28.e7 Bg5xe7
29.Qe4g6 Kh8
30.Nd4e6 { resign }
1-0

[Event "Match"]
[Site "www.echecsemail.com"]
[Date "2020.01.17"]
[Round "1"]
[White "Apdash"]
[Black "Gimmyg"]
[WhiteElo "2280"]
[BlackElo "2570"]
[Result "0-1"]
[Round "1"]
1.e4 d5
2.e5 c5
3.c3 Bc8f5
4.d4 cxd4
5.cxd4 Nb8c6
6.Ng1f3 e6
7.Nb1c3 Bf5g4
8.Bf1e2 Ng8e7
9.h3 Bg4xf3
10.Be2xf3 Ne7f5
11.Bc1e3 Nf5xe3
12.fxe3 Qd8h4
13.Ke2 Bf8e7
14.Qd1e1 Qh4h6
15.g3 O-O
16.Kf2 f6
17.exf6 Rf8xf6
18.Kg2 Ra8f8
19.Bf3g4 Qh6g6
20.Ra1c1 Be7d6
21.e4 Nc6xd4
22.exd5 exd5
23.Nc3xd5 Rf6f2
24.Qe1xf2 Qg6e4
25.Kg1 Rf8xf2
26.Kxf2 Qe4xd5
27.Rh1e1 h5
28.Bg4e2 Qd5f5
29.Kg2 Qf5e4
30.Kf2 Nd4xe2
31.Re1xe2 Bd6xg3
32.Kxg3 Qe4xe2
33.Rc1c8 Kh7
34.Rc8c3 g5
{ resign }
0-1

[Event "Tourn. n10290"]
[Site "www.echecsemail.com"]
[Date "2020.01.17"]
[Round "1"]
[White "Koudelka"]
[Black "Fantomas"]
[WhiteElo "2529"]
[BlackElo "2200"]
[Result "1-0"]
[Round "1"]
1.e4 e6
2.d4 d5
3.e5 c5
4.Ng1f3 Nb8c6
5.Bf1e2 Qd8b6
6.O-O cxd4
7.a4 Bf8c5
8.Nb1d2 Qb6c7
9.Nd2b3 Bc5b6
10.a5 Nc6xa5
11.Nb3xa5 Bb6xa5
12.Be2b5 Bc8d7
13.Bb5xd7 Kxd7
14.Qd1xd4 Ba5b6
15.Qd4a4 Ke7
16.Bc1e3 h5
17.Qa4b4 { resign }
1-0

[Event "Tourn. n10252"]
[Site "www.echecsemail.com"]
[Date "2020.01.17"]
[Round "1"]
[White "Ranjachess"]
[Black "Cal"]
[WhiteElo "1790"]
[BlackElo "1770"]
[Result "0-1"]
[Round "1"]
1.d4 d5
2.Nb1c3 e6
3.Bc1f4 h6
4.Qd1d2 Bf8b4
5.a3 Bb4xc3
6.Qd2xc3 Nb8c6
7.e3 Ng8f6
8.Bf1b5 Bc8d7
9.Bb5xc6 Bd7xc6
10.f3 O-O
11.O-O-O Qd8d7
12.Bf4e5 Nf6h7
13.e4 dxe4
14.d5 Bc6b5
15.Be5xg7 exd5
16.Bg7xh6 f6
17.Bh6xf8 Ra8xf8
18.fxe4 c6
19.Ng1f3 Rf8c8
20.e5 Bb5e2
21.Rd1d4 c5
22.Rd4g4 Qd7xg4
23.Rh1g1 Kf7
24.Qc3e3 Qg4e4
25.Kd2 Be2xf3
26.gxf3 Qe4xe5
27.Qe3xe5 fxe5
28.h4 Nh7f6
29.Rg1g5 Ke6
30.h5 Rc8h8
31.Rg5g7 Rh8xh5
32.Rg7xb7 Rh5h2
33.Kd3 c4
34.Ke3 d4

0-1

[Event "1/32 Finale"]
[Site "www.chess-mail.com"]
[Date "2020.01.17"]
[Round "1"]
[White "Nimzo"]
[Black "Jerome"]
[WhiteElo "2660"]
[BlackElo "2480"]
[Result "1-0"]
[Round "1"]
1.d4 f5
2.g3 Ng8f6
3.Bf1g2 e6
4.Ng1f3 Bf8e7
5.O-O O-O
6.c4 d6
7.Nb1c3 Nf6e4
8.Nc3xe4 fxe4
9.Nf3d2 d5
10.f3 Nb8c6
11.e3 exf3
12.Nd2xf3 Be7f6
13.Bc1d2 a5
14.Ra1c1 Kh8
15.Qd1c2 Bc8d7
16.a3 b6
17.Rf1f2 Qd8e7
18.Rc1f1 Ra8e8
19.g4 Kg8
20.Bd2e1 g6
21.Nf3d2 Nc6xd4
22.exd4 Bf6xd4
23.Nd2f3 Bd4e3
24.Be1d2 Be3xf2
25.Rf1xf2 e5
26.Bd2h6 e4
27.Bh6xf8 Re8xf8
28.Nf3e1 c6
29.cxd5 cxd5
30.Rf2xf8 Qe7xf8
31.h3 Qf8d6
32.Qc2d2 Bd7a4
33.b4 axb4
34.axb4 Qd6e5
35.Qd2e3 Ba4e8
36.Qe3xb6 Qe5c3
37.Kf1 Qc3c4
38.Kf2 Qc4a2
39.Ke3 Qa2b3
40.Kf4 g5
41.Kf5 Qb3g3
42.Ke6 Qg3f4
43.Ne1c2 Qf4f7
44.Kd6 Qf7f4
45.Kc5 Qf4c1
46.Qb6e6 Be8f7
47.Qe6c8 Kg7
48.Kd6 Qc1f4
49.Kd7 Qf4e5
50.Qc8c5 { resign }
1-0

[Event "Match"]
[Site "www.echecsemail.com"]
[Date "2020.01.18"]
[Round "1"]
[White "Koudelka"]
[Black "Joseph1983"]
[WhiteElo "2529"]
[BlackElo "2190"]
[Result "1-0"]
[Round "1"]
1.e4 c5
2.Ng1f3 d6
3.Bf1b5 Bc8d7
4.Bb5xd7 Qd8xd7
5.O-O Nb8c6
6.d4 cxd4
7.Nf3xd4 Ng8f6
8.Nb1c3 g6
9.Nd4xc6 bxc6
10.Bc1e3 Bf8g7
11.f4 Ra8b8
12.Ra1b1 c5
13.h3 O-O
14.Qd1f3 Nf6e8
15.e5 dxe5
16.fxe5 Bg7xe5
17.Be3xc5 Qd7c7
18.Qf3e3 a6
19.Nc3d5 { resign }
1-0